000 00397nam a2200169Ia 4500
008 151213s9999 xx 000 0 und d
020 _a719062683
100 _aPeter Barry
245 _aBeginning Theory
_cPeter Barry
250 _a1 s
260 _aU. K
_bManchester University
_c2002
300 _a4164 p.
650 _aEnglish
650 _aEnglish
700 _aPeter Barry
999 _c2590
_d2590